000 00836nam0a22002651 4500
001 v19\rc\1832754
005 20260406180325.0
035 _a(NLR Aleph) 004927987
090 _a5649045
_c5649045
100 _a20071224d1908 |||y0rusy50 ca
101 0 _arus
102 _aRU
105 _ay z |||||
200 1 _aУстав Кавказского торгово-промышленного общества
_e[Утв. 23 дек. 1907 г.]
210 _aБаку
_d1908
215 _a13 с.
_d18
710 0 2 _aКавказское торгово-промышленное о-во
_cБаку
_3RU\NLR\AUTH\889944857
_9384992
801 0 _aRU
_bNLR
_gpsbo
801 0 _aRU
_bRuMoRGB
_2psbo
801 1 _aRU
_bProSoft-M
_2rusmarc
852 _aNLR
_j34.50.8.184
899 _aRuMoRGB
_jV 74/4067
899 _aБАН
942 _cBOOK
980 _aNB